=LDR 00000nam 2200000 4500 =001 INLIS000000000009008 =005 20130612100831 =008 ***********************************Ind** =035 ##$$0010-061300000009008 =041 ##$$a Ind =082 ##$$a 636.6 =090 ##$$a 636.6, Men-m =100 ##$$a Fatich, Marzuki H. Ahmad =245 ##$$a Meningkatkan produksi sarang walet berazas kelestarian, Marzuki H. Ahmad Fatich dkk =260 ##$$a 2001 $b Jakarta =300 ##$$a vii, 80 hlm., ilus., 21 cm =650 ##$$a Walet (burung) =850 ##$$a NBPNMAT